| 000 | 00827nam a2200229Ii 4500 | ||
|---|---|---|---|
| 003 | JO-AjNU | ||
| 008 | 230605s9999||||xx |||||||||||||| ||und|| | ||
| 017 | _a1982/2430 | ||
| 020 | _a977-02-0019-0 | ||
| 040 |
_aJO-AjNU _bara _erda _cJO-AjNU |
||
| 041 | _aara | ||
| 050 | 1 | 4 | _aPJ7519 1982 |
| 100 | 3 |
_aغلادنت، شيخو أحمد سعيد, _eauthor _919662 |
|
| 245 | 0 | 0 | _aحركة اللغة العربية وآدابها في نيجيريا من سنة 1804 - 1966م |
| 264 | 3 | 1 | _aالقاهرة: دار المعارف، 1982 |
| 300 | _a340ص | ||
| 336 |
_atext _btxt _2rdacontent |
||
| 337 |
_aunmediated _bn _2rdamedia |
||
| 338 |
_avolume _bnc _2rdacarrier |
||
| 490 | 0 | _aالمكتبة الافريقية | |
| 650 | 4 |
_aاللغة العربية - الادب العربي - نيجيريا - القرن 20 _919663 |
|
| 999 |
_aA6527 _c10095 _d10095 |
||